Statystyki dla Rodzaje słodyczy

Kliknij tutaj aby rozwiązać quiz!

Ogólne statystyki

  • Ten quiz został rozwiązany 2 344 razy
  • Średni wynik to 9 z 30

Statystyki odpowiedzi

Pierwsza literaSłodycz :)% Poprawnych
CCzekolada
85%
CCukierki
77%
żŻelki
77%
BBaton
76%
CCiastka
70%
LLizak
70%
LLody
58%
WWafelek
44%
GGuma do żucia
32%
PPączek
32%
DDraże
26%
AAndruty
23%
EEkler
23%
LLandrynki
23%
CCzekoladki
21%
CChałwa
20%
GGalaretka
19%
PPianki
18%
BBabeczki
17%
PPierniki
17%
WWata cukrowa
17%
BBiszkopty
15%
HHerbatniki
15%
PPralinki
14%
PPtasie mleczko
11%
FFaworki
9%
OOponki
8%
RRurki z kremem
8%
SSezamki
7%
PPańska skórka
3%

Rozkład punktacji

Percentyl według liczby udzielonych odpowiedzi

Procent ludzi z każdym wynikiem

Twoja historia wyników

Nie rozwiązałeś tego quizu